| 000 | 00383cam a22001217a 4500 | ||
|---|---|---|---|
| 008 | 180718b1927 xxu||||| |||| 00| 0 eng d | ||
| 082 | _aA99 B223/B223 | ||
| 100 | _aBanerjee, Gooroo Das | ||
| 245 |
_aReminiscences, speeches and writings of Sir Gooroo Dass Banerjee _cby Gooroo Das Banerji |
||
| 260 |
_aCalcutta _bNarkeldanga _c1927 |
||
| 300 | _a537p. | ||
| 650 | _aBanerji, Gooroo Dass | ||
| 999 |
_c358929 _d358929 |
||